000 00702nam a2200289Ia 4500
005 20260324141436.0
008 008 260324s9999 xx 000 0 eng d
020 _a9781315861401
037 _aEBOOK
040 _aCRL
040 _beng
040 _cCRL
041 _2eng
041 _aeng
084 _qCRL
100 _aPamela Maria Smorkaloff
_91208203
245 0 _aReaders and Writers in Cuba
245 2 _bA Social History of Print Culture, l830s-l990s
260 _bTaylor and Francis
260 _c1997
365 _a
365 _b220
856 _uhttp://www.taylorfrancis.com/books/9781315861401
942 _cEBOOK
999 _c1811305
_d1811305